[Event "Asker Autumn A"]
[Site "Asker"]
[Date "2017.08.28"]
[Round "1"]
[White "Leonhardsen, Vebjorn Maanum"]
[Black "Hall, Torstein"]
[Result "1-0"]
[WhiteElo "1483"]
[BlackElo "1658"]
[PlyCount "41"]
[EventDate "2017.08.28"]
[EventType "swiss"]
[EventRounds "9"]
[EventCountry "NOR"]
[SourceTitle "EXT 2024"]
[Source "ChessBase"]
[SourceDate "2023.10.10"]
[SourceVersion "1"]
[SourceVersionDate "2023.10.10"]
[SourceQuality "1"]

1. d4 Nf6 2. Nf3 g6 3. c4 Bg7 4. Nc3 d5 5. e3 0-0 6. Be2 c5 7. 0-0 cxd4 8. exd4 Nc6 9. b3 dxc4 10. bxc4 Bg4 11. Be3 Qa5 12. Qd2 Rad8 13. h3 Bc8 14. Rac1 Rd7 15. d5 Rfd8 16. Qc2 Nb4 17. Qb3 b6 18. Bd2 Na6 19. Ne5 Nc5 20. Qb2 Rb7 21. Nc6 1-0

[Event "Asker Varturnering"]
[Site "Asker"]
[Date "2002.04.15"]
[Round "7"]
[White "Rostad, Rolf"]
[Black "Hall, Torstein"]
[Result "0-1"]
[WhiteElo "1800"]
[BlackElo "1720"]
[PlyCount "86"]
[EventDate "2002.04.??"]
[EventType "swiss"]
[EventRounds "10"]
[EventCountry "NOR"]
[SourceTitle "EXT 2006"]
[Source "ChessBase"]
[SourceDate "2005.11.24"]
[SourceVersion "1"]
[SourceVersionDate "2005.11.24"]
[SourceQuality "1"]

1. e4 e5 2. Nf3 Nf6 3. d4 Nxe4 4. dxe5 d5 5. exd6 Bxd6 6. Be3 0-0 7. Bd3 Re8 8. 0-0 h6 9. Nbd2 Nf6 10. Nc4 Bg4 11. h3 Be6 12. Nxd6 Qxd6 13. Qd2 Nbd7 14. Qc3 Nd5 15. Qd2 Nxe3 16. fxe3 Qg3 17. Qf2 Qxf2+ 18. Kxf2 c5 19. b3 a6 20. Rad1 Rad8 21. a4 Nf6 22. e4 Rc8 23. Rfe1 c4 24. bxc4 Bxc4 25. Rb1 Re7 26. Rb2 Rec7 27. Ne5 Bxd3 28. cxd3 Rc2+ 29. Re2 R2c7 30. Nc4 Rd8 31. Ke3 Re7 32. Na5 Nd5+ 33. Kd2 Nf4 34. Re3 Nxg2 35. Rg3 Nf4 36. Rb4 Red7 37. Nxb7 Nxd3 38. Nxd8 Nxb4+ 39. Kc3 a5 40. Kc4 Rxd8 41. Kb5 Ra8 42. Rc3 g5 43. Kb6 Kg7 0-1